A textbook of electrical technology / (Record no. 57087)

MARC details
000 -LEADER
fixed length control field 00806nam a22002177a 4500
005 - DATE AND TIME OF LATEST TRANSACTION
control field 20110928102924.0
010 ## - LCCN (DPL NO)
LC control number G-001544
020 ## - INTERNATIONAL STANDARD BOOK NUMBER
Terms of availability 165.00
International Standard Book Number 9788121902908
035 1d - SYSTEM CONTROL NUMBER
System control number G-001544
037 ## - SOURCE OF ACQUISITION
Source of stock number/acquisition Gift
082 ## - DEWEY DECIMAL CLASSIFICATION NUMBER
Classification number 621.3
100 ## - MAIN ENTRY--PERSONAL NAME
Personal name Theraja, B.l.
245 ## - TITLE STATEMENT
Title A textbook of electrical technology /
Statement of responsibility, etc by B.L. Theraja [and] A.K. Theraja
260 ## - PUBLICATION, DISTRIBUTION, ETC. (IMPRINT)
Place of publication, distribution, etc New Delhi
Name of publisher, distributor, etc S. Chand
Date of publication, distribution, etc 1998(repr.).
270 ## - ADDRESS
Address Ram Nagar
City New Delhi
Postal code 110055
300 ## - PHYSICAL DESCRIPTION
Extent v.1-735p.
Dimensions 24cm(pbk)
700 ## - ADDED ENTRY--PERSONAL NAME
Personal name Theraja, A.K.
9 (RLIN) 34954
942 ## - ADDED ENTRY ELEMENTS (KOHA)
Source of classification or shelving scheme Dewey Decimal Classification
Item type English Books
Classification part 621.3
Call number suffix THE
Holdings
Withdrawn status Lost status Not for loan Collection code Home library Current library Date acquired Source of acquisition Cost, normal purchase price Full call number Barcode Copy number Cost, replacement price Koha item type Public note
      Non-fiction Janak Puri Janak Puri 28/09/2011 gift 165.00 621.3 THE G-001544 1 165.00 English Books v.1

© Delhi Public Library
Hit Counter
free hit counter